Datum a čas kvízu
38
Celkem bodů
Celkový počet nahraných bodů na tomto kvízu bez doplňovacích otázek.
2.
Pořadí na kvízu
Konečné umístění týmu na tomto kvízu.
Zaznamenané odpovědi
| # | Otázka | Odpověď | Body | Výsledky |
|---|---|---|---|---|
| 1. | Symbolický poslední vozík s tu... | Lazy | 1 | |
| 2. | O tom, že Pláničkova metoda zv... | Pomocí virtuální reality. | 1 | |
| 3. | Část sbírek z jedné z nejslavn... | Zelená klenba (Grünes Gewölbe) | 0 | |
| 4. | Podnikatel a vizionář Elon Mus... | TMBK | 0 | |
| 5. | Čeští basketbalisté od minuléh... | Uruguay, Turecko | 1 | |
| 6. | V tomto tématu se podíváme na... | kališní lístek | 1 | |
| 7. | Tato britská indierocková kape... | Florence and the Machine | 0 | |
| 8. | Nestorka českého ženského teni... | Peschke | 1 | |
| 9. | Z následujících rostlin vybert... | D | 1 | |
| 10. | Zřejmě nejslavnější českou fil... | dědeček vycinkal | 1 |